000 00978nam a2200229 a 4500
008 120416s1989 ||||||||||||||||| || u
020 _a0070841829
050 _aHF 5635 Sam
100 _aRickwood, Colin
245 1 0 _aAdvanced financial accounting
250 _a2nd ed.
260 _aLondon:
_bMcGraw-Hill
_c1989
300 _aix, 354p.
350 _a0.00
500 _aBibliography
650 0 _aACCOUNTING--HANDBOOKS, MANUALS, ETC
700 _aPiper, Andrew
700 _aSamuels, John Malcolm
995 _aANNEX COLLECTION (Main Library)
_D0.00
_e721361
_FCBU-MAIN LIBRARY (Kitwe)
_H1
_I14.95
_jHF 5635 Sam
_UAVAILABLE
_y006564
_ZAnnex Low-Usage Collection
995 _aANNEX COLLECTION (Main Library)
_D0.00
_e721362
_FCBU-MAIN LIBRARY (Kitwe)
_H2
_I14.95
_jHF 5635 Sam
_UAVAILABLE
_y006565
_ZAnnex Low-Usage Collection
995 _aTEXTBOOKS (SB)
_D0.00
_e1131
_FCBU-SCHOOL TEXTBOOK COLLECTIONS
_H1
_I0.00
_jSCHOOL TEXTBOOK
_M3
_UAVAILABLE
_WSep 14, 2009
_y1131
_ZSchool Collections
999 _c83702
_d83702